000
00352nam a2200145Ia 4500
008
220531s9999 xx 000 0 und d
041
_a
mar
245
_a
स्मृतीग्रंथ
260
_b
Gadgil pratisthan
_c
2002
300
_a
132
542
_d
29-01-2002
650
_a
Marathi
_9
37896
906
_d
2001-2002
999
_c
23001
_d
23001